000 01630 a2200277 4500
003 Nust
005 20170207154033.0
010 _a 2002014162
020 _a0-8144-0586-X
020 _a978-0-8144-0586-4
035 _a(OCoLC)50549113
035 _a(OCoLC)ocm50549113
040 _cNust
082 0 0 _a658.4
100 1 _aKaen, Fred R.
245 1 2 _aA blueprint for corporate governance (E-Book)
_bstrategy, accountability, and the preservation of shareholder value /
_cFred R. Kaen
260 _aNew York :
_bAMACOM,
_ccop. 2003
300 _ax, 227 s. :
_bill. ;
_c24 cm
505 0 0 _tCorporate Governance An Overview (Page-1)The Governance Structure of American Corporations (Page-17) Markets: Can You Trust Them? (Page-33) Valuation (Page-57) Corporate Governance Issues in Investment Decisions (Page-73) Corporate Governance Issues and the Financing Decision (Page-89) Corporate Governance Dividend disuses (Page-105) Corporate Governance and Managerial Compensation (Page-117) The Corporate Control Market (Page-149) The Board of Directors and Shareholders Rights (Page-169) Alternative Governance Systems: Germany and Japan (Page-187)
_tCorporate governance dividend issues --
_tCorporate governance and managerial compensation --
_tCorporate control market --
_tBoard of directors and shareholders rights --
_tAlternative governance systems : Germany and Japan
650 7 _aBolagsstyrning
650 7 _aCorporate governance
650 7 _aCorporate governance
650 7 _aCorporate governance
_zUnited States
651 _a(E-Book)
856 4 1 _3Table of contents
_uhttp://www.loc.gov/catdir/toc/fy038/2002014162.html
942 _2ddc
_cBK
999 _c192271
_d192271